[Event "4th Al Ain Chess Classic"]
[Site "Al-Ain UAE"]
[Date "2015.12.26"]
[Round "4.47"]
[White "Hakobyan, Hovhannes H."]
[Black "Arvola, Benjamin"]
[Result "1/2-1/2"]
[BlackTitle "FM"]
[WhiteElo "2112"]
[BlackElo "2328"]
[WhiteFideId "13306308"]
[BlackFideId "1506536"]
[EventDate "2015.12.23"]

1. e4 c5 2. Nf3 e6 3. Nc3 d6 4. d4 cxd4 5. Nxd4 Nf6 6. g4 h6 7. Rg1 a6 8. Be3 b5
9. f3 b4 10. Na4 Bd7 11. b3 Bxa4 12. bxa4 Qc7 13. h4 d5 14. Bd3 dxe4 15. fxe4
Nbd7 16. g5 hxg5 17. hxg5 Nh5 18. g6 Ne5 19. gxf7+ Qxf7 20. Qe2 Bc5 21. O-O-O
Nf4 22. Bb5+ axb5 23. Qxb5+ Qd7 24. Qxc5 Nfd3+ 25. cxd3 Rc8 26. Nb3 Rh3 27. Kb1
Rxc5 28. Nxc5 Qd6 29. Nb7 Qc7 30. Bf4 Rh5 31. Rg6 Kf7 32. Rdg1 Rh7 33. R6g5 Qxb7
34. Bxe5 Kf8 35. Rxg7 Rxg7 36. Bxg7+ Ke8 37. Bb2 Qa6 38. Rd1 Qxa4 39. Rd2 Qc6
40. Rc2 Qd6 41. Rd2 Qa6 42. Rd1 Kd7 43. Rd2 Kc6 44. d4 Qf1+ 45. Kc2 Qc4+ 46. Kb1
Kb5 47. Bc1 Ka4 48. Bb2 Qf1+ 49. Bc1 Qe1 50. e5 Kb5 51. d5 Qe4+ 52. Rc2 exd5 53.
Bd2 Ka4 54. Kc1 Qxe5 55. Rb2 b3 56. Rxb3 Qa1+ 57. Rb1 Qxa2 58. Rb4+ Ka3 59. Kd1
Qa1+ 60. Kc2 Qe5 61. Bc3 Qf5+ 62. Kd2 Qf2+ 63. Kd3 Qf3+ 64. Kc2 Qg2+ 65. Kd3
Qg6+ 66. Kd2 Qf5 67. Ke3 Qc2 68. Bd2 Qg6 69. Bc3 Qf5 70. Kd2 Qf3 71. Kc2 Qf2+
72. Kd3 Qg1 73. Kc2 Qg6+ 74. Kd2 Qh7 75. Ke3 Qc7 76. Bd2 Ka2 77. Be1 Qh2 78. Bc3
Qg3+ 79. Kd2 Qg5+ 80. Kd3 Qf5+ 81. Kd2 Qg5+ 1/2-1/2

[Event "4th Al Ain Chess Classic"]
[Site "Al-Ain UAE"]
[Date "2015.12.26"]
[Round "4.48"]
[White "Kulkarni, Bhakti"]
[Black "Rahul Srivatshav P"]
[Result "1/2-1/2"]
[WhiteTitle "CM"]
[WhiteElo "2328"]
[BlackElo "2086"]
[WhiteFideId "5019516"]
[BlackFideId "25059653"]
[EventDate "2015.12.23"]

1. d4 Nf6 2. Nf3 e6 3. Bg5 Be7 4. Nbd2 d6 5. e4 O-O 6. Bd3 b6 7. Qe2 Bb7 8. O-O
h6 9. Bh4 Nh5 10. Bxe7 Qxe7 11. g3 c5 12. c3 Nc6 13. a3 Nf6 14. e5 Nd7 15. Rad1
cxd4 16. cxd4 dxe5 17. dxe5 Nc5 18. Bb5 a6 19. Bc4 Rfd8 20. b4 Nd7 21. Ba2 b5
22. Rfe1 a5 23. Qxb5 Rdb8 24. bxa5 Rxa5 25. Qc4 Ncxe5 26. Nxe5 Nxe5 27. Qf4 Qf6
28. Qxf6 gxf6 29. f4 Rxa3 30. Bb1 Nf3+ 31. Nxf3 Bxf3 32. Rd2 Rb4 33. Kf2 Bb7 34.
Ra2 Rc3 35. Rd1 Rcb3 36. Bd3 Bd5 37. Rc2 Kg7 38. Be2 Be4 39. Rc4 Rxc4 40. Bxc4
Rb2+ 41. Ke3 f5 42. Be2 Kg6 43. Rd8 Rb1 44. Rd1 Rb2 45. Rd2 Rb4 46. Rd8 Bd5 47.
Rg8+ Kh7 48. Rc8 Rb1 49. Rc2 Re1 50. Kd4 Kg6 51. Kc3 Rh1 52. Bd3 Kh5 53. Rf2 Kg6
54. Kd2 Be4 55. Be2 h5 56. Ke3 Kh6 57. Kd4 Kg6 58. Ke3 Bd5 59. Bf3 Bxf3 60. Kxf3
h4 61. Kg2 hxg3 62. hxg3 Ra1 63. Rb2 Ra7 64. Rd2 Re7 65. Rd8 f6 66. Rd6 Kf7 67.
Kf3 e5 68. fxe5 fxe5 69. Ra6 Re6 70. Ra8 Kf6 71. Rf8+ Kg5 72. Rg8+ Rg6 73. Re8
e4+ 74. Kf2 Kg4 75. Kg2 Ra6 76. Rg8+ Kh5 77. Kf2 Rg6 78. Rh8+ Kg4 79. Rf8 Kg5
80. Ke3 Ra6 81. Rg8+ Kf6 82. Rf8+ Ke6 83. g4 Ra3+ 84. Ke2 fxg4 85. Rf4 Ke5 86.
Rxg4 Kd4 87. Rg8 Ra2+ 88. Ke1 Kd3 89. Re8 Ke3 90. Kf1 Ra1+ 91. Kg2 Re1 92. Ra8
Rd1 93. Re8 Rc1 94. Re7 Rc8 95. Kf1 Rh8 96. Kg2 Rf8 97. Ra7 Rf2+ 98. Kg1 Rd2 99.
Re7 Kf3 100. Rf7+ Ke2 101. Ra7 e3 102. Kg2 Rc2 103. Ra1 Kd2 104. Kf1 Rb2 105.
Kg2 Ke2 106. Kg3 Kd3 107. Kf3 Kd2 108. Kg2 Rc2 109. Kf1 e2+ 110. Kf2 Rb2 111.
Re1 Kd3 112. Ra1 Rc2 113. Ke1 1/2-1/2

[Event "4th Al Ain Chess Classic"]
[Site "Al-Ain UAE"]
[Date "2015.12.26"]
[Round "4.49"]
[White "Parnali, S Dharia"]
[Black "Morchiashvili, Bachana"]
[Result "0-1"]
[WhiteTitle "WIM"]
[BlackTitle "IM"]
[WhiteElo "2002"]
[BlackElo "2326"]
[WhiteFideId "5043131"]
[BlackFideId "13602535"]
[EventDate "2015.12.23"]

1. d4 Nf6 2. c4 g6 3. Nc3 Bg7 4. e4 d6 5. Nf3 O-O 6. Be2 e5 7. O-O exd4 8. Nxd4
Re8 9. f3 c6 10. Kh1 a5 11. Be3 d5 12. cxd5 Nxd5 13. Nxd5 cxd5 14. Nb5 Nc6 15.
Bf4 Be5 16. Bxe5 Rxe5 17. exd5 Rxd5 18. Qb3 Be6 19. Bc4 a4 20. Qa3 Rd2 21. Bxe6
Qg5 22. Bh3 Qxb5 23. b3 Qd3 24. Rfe1 Nd4 25. Qc1 Nxf3 26. Rf1 axb3 27. axb3 Rxa1
28. Qxa1 Qd6 29. Qa8+ Kg7 30. Qa1+ f6 31. Rxf3 Rd1+ 32. Rf1 Rxa1 33. Rxa1 Qd4
34. Rg1 f5 35. g3 Qb4 36. Bg2 Qxb3 37. Re1 b5 38. Kg1 Kf6 39. Re8 b4 40. Rf8+
Ke7 41. Rb8 Qe3+ 42. Kf1 b3 43. Rb7+ Kd6 0-1

[Event "4th Al Ain Chess Classic"]
[Site "Al-Ain UAE"]
[Date "2015.12.26"]
[Round "4.50"]
[White "Mammadova, Gulnar"]
[Black "Algildah, Khalid"]
[Result "1-0"]
[WhiteTitle "WGM"]
[BlackTitle "FM"]
[WhiteElo "2323"]
[BlackElo "2086"]
[WhiteFideId "13403508"]
[BlackFideId "7600828"]
[EventDate "2015.12.23"]

1. e4 g6 2. d4 Bg7 3. Nc3 c6 4. Nf3 d5 5. h3 Nf6 6. Bd3 dxe4 7. Nxe4 Nxe4 8.
Bxe4 Nd7 9. O-O O-O 10. Bg5 Qb6 11. Rb1 e5 12. Be3 Qa5 13. dxe5 Nxe5 14. Nxe5
Bxe5 15. a3 Be6 16. f4 Bc7 17. Bd3 Bb6 18. Bxb6 Qxb6+ 19. Kh1 Rad8 20. Qe1 Rfe8
21. Qg3 Ba2 22. Ra1 Bd5 23. f5 Qe3 24. Qg4 g5 25. f6 Qd2 26. Rad1 Qe3 27. Qh5
Be4 28. Qh6 1-0

[Event "4th Al Ain Chess Classic"]
[Site "Al-Ain UAE"]
[Date "2015.12.26"]
[Round "4.51"]
[White "Gadimbayli, Abdulla"]
[Black "Al Hosani, Omran"]
[Result "1-0"]
[WhiteTitle "FM"]
[BlackTitle "CM"]
[WhiteElo "2320"]
[BlackElo "1817"]
[WhiteFideId "13404938"]
[BlackFideId "9308733"]
[EventDate "2015.12.23"]

1. e4 c5 2. Nf3 e6 3. d4 cxd4 4. Nxd4 a6 5. Bd3 Bc5 6. Nb3 Be7 7. Qg4 Nf6 8.
Qxg7 Rg8 9. Qh6 d6 10. e5 dxe5 11. Nc3 Nbd7 12. Be3 e4 13. Nxe4 Nxe4 14. Bxe4
Nf6 15. Bd3 Rxg2 16. O-O-O Qc7 17. Rdg1 Rxg1+ 18. Rxg1 Bd7 19. Bd4 e5 20. Re1
Ng4 21. Qxh7 O-O-O 22. Bc3 Nxf2 23. Ba5 b6 24. Bxa6+ Kb8 25. Qxf7 Bg5+ 26. Bd2
Bxd2+ 27. Nxd2 Ng4 28. h3 Nh6 29. Qg7 Ka7 30. Bb5 Nf5 31. Qxe5 Qc8 32. Bxd7 Qxd7
33. Nb3 Qh7 34. Rf1 Rf8 35. Kb1 Nd4 36. Rc1 Nxb3 37. axb3 Rc8 38. b4 Rc4 39. b3
Rh4 40. Rd1 Rxh3 41. Qd4 1-0

[Event "4th Al Ain Chess Classic"]
[Site "Al-Ain UAE"]
[Date "2015.12.26"]
[Round "4.52"]
[White "Aradhya, Garg"]
[Black "Guliyev, Gasan"]
[Result "1-0"]
[WhiteElo "2316"]
[BlackElo "2019"]
[WhiteFideId "25006746"]
[BlackFideId "13404407"]
[EventDate "2015.12.23"]

1. d4 Nf6 2. c4 g6 3. g3 Bg7 4. Bg2 d6 5. Nf3 Nbd7 6. O-O O-O 7. Nc3 c6 8. e4 e5
9. h3 Re8 10. d5 Nc5 11. Re1 a5 12. b3 cxd5 13. cxd5 b5 14. a3 Bd7 15. Bg5 b4
16. axb4 axb4 17. Na2 Qb8 18. Nd2 h6 19. Be3 Nd3 20. Re2 Bb5 21. Nc4 Bxc4 22.
bxc4 Nc5 23. Rb1 Nfxe4 24. Rxb4 Qc8 25. Kh2 f5 26. Rb6 Qd8 27. Rc6 Rf8 28. Qc2
Rb8 29. Nc3 Nxc3 30. Qxc3 Rc8 31. Bxc5 dxc5 32. Rxg6 Kh7 33. Re6 e4 34. Qe3 Qg5
35. Qxg5 hxg5 36. g4 f4 37. Bxe4+ Kh8 38. Bf5 Bd4 39. Re7 1-0

[Event "4th Al Ain Chess Classic"]
[Site "Al-Ain UAE"]
[Date "2015.12.26"]
[Round "4.53"]
[White "Mayed AlRashedi"]
[Black "Kurbonboeva, Sarvinoz"]
[Result "1-0"]
[WhiteTitle "FM"]
[BlackTitle "WIM"]
[WhiteElo "1895"]
[BlackElo "2295"]
[WhiteFideId "9303871"]
[BlackFideId "14201780"]
[EventDate "2015.12.23"]

1. e4 c5 2. Nf3 Nc6 3. d4 cxd4 4. Nxd4 g6 5. Be3 Nf6 6. Nc3 Bg7 7. Bc4 O-O 8.
Bb3 d6 9. f3 Bd7 10. Qd2 Nxd4 11. Bxd4 b5 12. h4 a5 13. h5 a4 14. Bd5 b4 15. Ne2
e5 16. Be3 Nxd5 17. exd5 f5 18. hxg6 hxg6 19. Qxb4 f4 20. Bd2 Bf5 21. O-O-O Qc7
22. Qc3 Qb7 23. Qa3 Rfc8 24. Nc3 Rab8 25. Ne4 Rc4 26. Rhe1 Rbc8 27. Bc3 Bf8 28.
Rd2 Be7 29. Rd3 Qb6 30. Re2 Kf7 31. Be1 Qg1 32. Rd1 Qf1 33. Rf2 Qxf2 34. Bxf2
Rxc2+ 35. Kb1 Bxe4 36. fxe4 Rxf2 37. Qxa4 Rxg2 38. Rh1 Rc7 39. Qb3 Rg3 40. Qb8
Rc4 41. a4 f3 42. Qh8 Bf8 43. Rh7+ Ke8 44. Qf6 1-0

[Event "4th Al Ain Chess Classic"]
[Site "Al-Ain UAE"]
[Date "2015.12.26"]
[Round "4.54"]
[White "Hojjatova, Aydan"]
[Black "Ammar, Sedrani"]
[Result "1-0"]
[WhiteTitle "WFM"]
[BlackTitle "FM"]
[WhiteElo "2288"]
[BlackElo "1573"]
[WhiteFideId "13401491"]
[BlackFideId "9312331"]
[EventDate "2015.12.23"]

1. e4 c5 2. Nc3 a6 3. g3 Nc6 4. Bg2 g6 5. d3 Bg7 6. f4 e6 7. Be3 b5 8. e5 Qb6 9.
Ne4 Bf8 10. c3 Bb7 11. b4 Be7 12. Bxc5 Qc7 13. Ne2 a5 14. a3 f5 15. Bxe7 Ngxe7
16. Nd6+ Kf8 17. O-O Qb6+ 18. Kh1 Kg7 19. c4 axb4 20. axb4 Rxa1 21. Qxa1 Ra8 22.
Qe1 bxc4 23. dxc4 1-0

[Event "4th Al Ain Chess Classic"]
[Site "Al-Ain UAE"]
[Date "2015.12.26"]
[Round "4.55"]
[White "Sameir, Ramez"]
[Black "Danielyan, Vahe"]
[Result "0-1"]
[WhiteElo "2080"]
[BlackElo "2307"]
[WhiteFideId "10606017"]
[BlackFideId "13304828"]
[EventDate "2015.12.23"]

1. e4 e5 2. Nf3 Nc6 3. Nc3 Nf6 4. d4 exd4 5. Nxd4 Bb4 6. Nxc6 bxc6 7. Bd3 O-O 8.
O-O Re8 9. Re1 d6 10. Bg5 Qe7 11. Qf3 Qe5 12. Bf4 Qa5 13. Bd2 Bg4 14. Qg3 Qh5
15. h3 Bd7 16. Bg5 Kh8 17. f4 h6 18. Bh4 Qc5+ 19. Kh1 Bxc3 20. bxc3 Qxc3 21. e5
Ng8 22. Rad1 dxe5 23. fxe5 Be6 24. Qf3 Rab8 25. Re3 Qc5 26. Qe4 g6 27. Qf4 Rb4
28. Re4 Rxe4 29. Bf6+ Kh7 30. Bxe4 Nxf6 31. Qxf6 Qe7 32. Bxc6 Qxf6 33. exf6 Rb8
34. a3 Rb6 35. Be4 Ra6 36. Rd3 Ra4 37. Bf3 g5 38. Rc3 Kg6 39. Rxc7 Rxa3 40. c4
h5 41. c5 g4 42. hxg4 hxg4 43. Be4+ Kxf6 44. g3 Rxg3 45. Rxa7 Rc3 46. c6 Ke5 47.
Bg2 f5 48. Re7 f4 49. c7 Rc1+ 0-1

[Event "4th Al Ain Chess Classic"]
[Site "Al-Ain UAE"]
[Date "2015.12.26"]
[Round "4.56"]
[White "Mammadzada, Gunay"]
[Black "Afshar, Niusha"]
[Result "1/2-1/2"]
[WhiteTitle "WGM"]
[WhiteElo "2341"]
[BlackElo "1961"]
[WhiteFideId "13403729"]
[BlackFideId "12509892"]
[EventDate "2015.12.23"]

1. e4 c5 2. Nf3 Nc6 3. d4 cxd4 4. Nxd4 Nf6 5. Nc3 e6 6. Ndb5 Bb4 7. a3 Bxc3+ 8.
Nxc3 d5 9. exd5 exd5 10. Bd3 O-O 11. O-O d4 12. Ne2 Bg4 13. Bg5 Qd6 14. Qd2 Bxe2
15. Bf4 Qd5 16. Bxe2 Ne4 17. Qd3 Qf5 18. g3 Qg6 19. Bf3 Rfe8 20. Rfe1 f5 21. Re2
Re7 22. b4 a6 23. Rae1 Rae8 24. a4 Qe6 25. b5 axb5 26. axb5 Ne5 27. Bxe5 Qxe5
28. Rd1 Qc5 29. Rde1 Kf8 30. Bxe4 fxe4 31. Rxe4 Rxe4 32. Rxe4 Rxe4 33. Qxe4 Qxb5
34. Qxh7 Qe5 35. h4 b5 36. Kg2 Qd5+ 37. f3 d3 38. cxd3 b4 39. Qh8+ Kf7 40. Qb8
Qa2+ 41. Kh3 b3 42. Qc7+ Ke8 1/2-1/2

[Event "4th Al Ain Chess Classic"]
[Site "Al-Ain UAE"]
[Date "2015.12.26"]
[Round "4.57"]
[White "Mammadov, Gulam"]
[Black "Saiid, Samir"]
[Result "0-1"]
[WhiteElo "2086"]
[BlackElo "2200"]
[WhiteFideId "13404040"]
[BlackFideId "10601546"]
[EventDate "2015.12.23"]

1. Nf3 d5 2. g3 c5 3. Bg2 Nf6 4. d3 Bf5 5. O-O e6 6. Nbd2 Be7 7. Qe1 O-O 8. e4
Bg6 9. Ne5 Nc6 10. Nxc6 bxc6 11. Qe2 Re8 12. h3 Bf8 13. f4 Nd7 14. b3 f6 15. Bb2
Rb8 16. Kh1 Nb6 17. a4 Bf7 18. Bc3 Na8 19. Nf3 Nc7 20. g4 Rb7 21. g5 Kh8 22. Qf2
d4 23. Ba5 Qd7 24. gxf6 gxf6 25. Bxc7 Qxc7 26. e5 f5 27. Nd2 Be7 28. Bf3 Rbb8
29. Nc4 Rg8 30. Rg1 Rbf8 31. Rxg8+ Rxg8 32. Rg1 Rg6 33. Rxg6 hxg6 34. Qd2 Be8
35. Kg1 Bf8 36. Kg2 Qh7 37. Qa5 Qe7 38. Qa6 g5 39. Bxc6 gxf4 40. Bxe8 Qxe8 41.
Qb7 Qg6+ 42. Kh1 Qh5 43. Qg2 Qd1+ 44. Kh2 f3 45. Qd2 Qf1 46. Kg3 f4+ 47. Qxf4
Qg2+ 48. Kh4 Be7+ 49. Kh5 Qxh3+ 50. Kg6 Qh7# 0-1

[Event "4th Al Ain Chess Classic"]
[Site "Al-Ain UAE"]
[Date "2015.12.26"]
[Round "4.58"]
[White "San Juan, Dennis"]
[Black "Tarini Goyal"]
[Result "1-0"]
[BlackTitle "WFM"]
[WhiteElo "2101"]
[BlackElo "1826"]
[WhiteFideId "5207533"]
[BlackFideId "5082749"]
[EventDate "2015.12.23"]

1. d4 d5 2. Nf3 Nf6 3. g3 c6 4. Bg2 Bg4 5. O-O Nbd7 6. b3 e6 7. Bb2 Be7 8. Nbd2
O-O 9. c4 h6 10. Qc2 Bf5 11. Qc1 a5 12. a3 Rc8 13. c5 b6 14. b4 Rb8 15. Bc3 Ne4
16. Nxe4 Bxe4 17. Qd2 bxc5 18. dxc5 Qc7 19. Bh3 Bxf3 20. exf3 Bf6 21. f4 Bxc3
22. Qxc3 Rb5 23. Rfb1 Rfb8 24. Bf1 R5b7 25. Bd3 e5 26. bxa5 d4 27. Rxb7 Rxb7 28.
Qe1 Nxc5 29. Bc4 e4 30. a6 Rb6 31. Rd1 d3 32. Qe3 Nxa6 33. Qxe4 Qb8 34. Qxd3 Nc5
35. Qf5 Ne6 36. Rd7 Qe8 37. Rxf7 c5 38. Ra7 Kh8 39. Bd3 Nf8 40. Rf7 Kg8 41.
Rxf8+ Qxf8 42. Bc4+ 1-0

[Event "4th Al Ain Chess Classic"]
[Site "Al-Ain UAE"]
[Date "2015.12.26"]
[Round "4.59"]
[White "Ali, Abdulaziz"]
[Black "Abucejo, Armel N"]
[Result "1-0"]
[WhiteElo "1855"]
[BlackElo "2032"]
[WhiteFideId "9304347"]
[BlackFideId "5213266"]
[EventDate "2015.12.23"]

1. e4 d5 2. exd5 Nf6 3. Nc3 Nxd5 4. Bc4 Nb6 5. Bb3 c5 6. d3 Nc6 7. Bf4 Bf5 8.
Qf3 e6 9. Nb5 Rc8 10. Qg3 Nd5 11. Nd6+ Bxd6 12. Bxd6 Nde7 13. Qxg7 Rg8 14. Bxe7
Nxe7 15. Ba4+ Rc6 16. Bxc6+ bxc6 17. Qc3 Qd5 18. Ne2 Qxg2 19. O-O-O Qxf2 20. Ng3
Qe3+ 21. Kb1 Qd4 22. Qa5 Bg4 23. Rde1 Bf3 24. Rhf1 Bg2 25. Rg1 Bf3 26. Qxa7 Rg5
27. Rgf1 Qd5 28. Re3 Bh5 29. h4 Nf5 30. hxg5 Nxe3 31. Nxh5 1-0

[Event "4th Al Ain Chess Classic"]
[Site "Al-Ain UAE"]
[Date "2015.12.26"]
[Round "4.61"]
[White "Ashid, Tsetsegulzii"]
[Black "Abtini, Hasan"]
[Result "0-1"]
[WhiteElo "1869"]
[BlackElo "1992"]
[WhiteFideId "4902904"]
[BlackFideId "7601506"]
[EventDate "2015.12.23"]

1. e4 c5 2. Nf3 e6 3. d4 cxd4 4. Nxd4 a6 5. c4 Nf6 6. Nc3 Qc7 7. Be2 Nc6 8. Be3
Bb4 9. Qc2 Bxc3+ 10. bxc3 d6 11. O-O O-O 12. f4 Na5 13. Qa4 Nxe4 14. Qb4 Bd7 15.
Bd3 Nc5 16. Bc2 f5 17. Nb3 Nc6 18. Qa3 b6 19. Rad1 Ne7 20. Rd2 Bc6 21. Rfd1 Rfd8
22. Re2 Bd7 23. Red2 Be8 24. Bf2 Ng6 25. Be3 Bc6 26. Nd4 Bb7 27. Qb4 Rab8 28.
Nxe6 Nxe6 29. Bxb6 Qc6 30. Bxd8 Rxd8 31. Bxf5 Nexf4 32. Re1 Re8 33. Rf1 Ne2+ 0-1

[Event "4th Al Ain Chess Classic"]
[Site "Al-Ain UAE"]
[Date "2015.12.26"]
[Round "4.62"]
[White "Asgarova, Turan"]
[Black "Wettasinha, Vasanta"]
[Result "1-0"]
[WhiteElo "1935"]
[BlackElo "1858"]
[WhiteFideId "13403451"]
[BlackFideId "9904433"]
[EventDate "2015.12.23"]

1. e4 c6 2. d4 d5 3. exd5 cxd5 4. c4 Nf6 5. Nc3 Nc6 6. Nf3 g6 7. Be2 Bg7 8. O-O
O-O 9. h3 b6 10. Be3 Bb7 11. Rc1 Rc8 12. b3 dxc4 13. bxc4 Na5 14. c5 Nd5 15.
Nxd5 Bxd5 16. Qa4 Bc6 17. Qb4 bxc5 18. Rxc5 Bxf3 19. Bxf3 Rxc5 20. dxc5 Qc7 21.
c6 Rb8 22. Qc5 Rc8 23. Bd2 Nxc6 24. Rc1 Qd7 25. Be3 Bb2 26. Bxc6 Qe6 27. Rc4 Ba3
28. Bd5 1-0

[Event "4th Al Ain Chess Classic"]
[Site "Al-Ain UAE"]
[Date "2015.12.26"]
[Round "4.63"]
[White "Soyunlu, Narmin"]
[Black "Ahmad M Saleh Alzarouni"]
[Result "1-0"]
[WhiteElo "1919"]
[BlackElo "1668"]
[WhiteFideId "13400843"]
[BlackFideId "9302301"]
[EventDate "2015.12.23"]

1. c4 c5 2. g3 Nc6 3. Bg2 g6 4. Nc3 Bg7 5. e4 e5 6. Nge2 Nge7 7. d3 d6 8. Rb1
O-O 9. O-O h6 10. a3 a5 11. Be3 Be6 12. Qd2 Kh7 13. h3 a4 14. b4 axb3 15. Rxb3
Na5 16. Rb5 Bd7 17. Rbb1 Qc7 18. Nb5 Bxb5 19. Rxb5 Nac6 20. Nc3 Rfb8 21. Nd5 Qd8
22. Rfb1 Nd4 23. Bxd4 cxd4 24. Qb2 Ra7 25. Rb6 Qd7 26. Rb5 Kg8 27. c5 dxc5 28.
Rxc5 Nc6 29. Rxc6 bxc6 30. Qxb8+ 1-0

[Event "4th Al Ain Chess Classic"]
[Site "Al-Ain UAE"]
[Date "2015.12.26"]
[Round "5.2"]
[White "Gupta, Abhijeet"]
[Black "Shirov, Alexei"]
[Result "0-1"]
[WhiteTitle "GM"]
[BlackTitle "GM"]
[WhiteElo "2613"]
[BlackElo "2676"]
[WhiteFideId "5010608"]
[BlackFideId "2209390"]
[EventDate "2015.12.23"]

1. d4 d5 2. c4 c6 3. Nf3 Nf6 4. Nc3 e6 5. g3 dxc4 6. Bg2 b5 7. Ne5 a6 8. O-O Bb7
9. b3 b4 10. Na4 c3 11. Nc4 a5 12. a3 Ba6 13. axb4 axb4 14. Nc5 Bxc5 15. dxc5
Qxd1 16. Rxd1 O-O 17. Bf4 Nd5 18. Bxd5 cxd5 19. Nb6 Nc6 20. Nxa8 Rxa8 21. Ra2
Bb7 22. Rxa8+ Bxa8 23. Bc7 e5 24. Kf1 f6 25. Ke1 d4 26. Ra1 Bb7 27. Ba5 e4 28.
Ra4 Nxa5 29. Rxa5 d3 30. c6 Bxc6 31. Rc5 Bd7 32. Rc4 Bb5 33. Rc5 Ba6 34. Rc6 Bb7
35. Rc4 Bd5 36. Rxb4 Kf7 37. e3 Ke6 38. h3 h5 39. Kd1 Kd6 40. Kc1 Kc5 41. Rb8
Be6 0-1

[Event "4th Al Ain Chess Classic"]
[Site "Al-Ain UAE"]
[Date "2015.12.26"]
[Round "5.3"]
[White "Pantsulaia, Levan"]
[Black "Mchedlishvili, Mikheil"]
[Result "1/2-1/2"]
[WhiteTitle "GM"]
[BlackTitle "GM"]
[WhiteElo "2598"]
[BlackElo "2635"]
[WhiteFideId "13602071"]
[BlackFideId "13600966"]
[EventDate "2015.12.23"]

1. d4 d5 2. c4 c6 3. Nf3 Nf6 4. Nc3 dxc4 5. a4 e6 6. e3 c5 7. Bxc4 Nc6 8. O-O
cxd4 9. exd4 Be7 10. Qe2 O-O 11. Rd1 Nd5 12. Qe4 Nf6 13. Qe2 Nd5 14. Qe4 Nf6 15.
Qh4 Nd5 16. Qe4 Nf6 17. Qh4 Nd5 18. Qe4 Nf6 1/2-1/2

[Event "4th Al Ain Chess Classic"]
[Site "Al-Ain UAE"]
[Date "2015.12.26"]
[Round "5.5"]
[White "Pashikian, Arman"]
[Black "Kovalenko, Igor"]
[Result "1-0"]
[WhiteTitle "GM"]
[BlackTitle "GM"]
[WhiteElo "2606"]
[BlackElo "2680"]
[WhiteFideId "13301578"]
[BlackFideId "14117908"]
[EventDate "2015.12.23"]

1. d4 e6 2. c4 Nf6 3. Nf3 d5 4. e3 Nbd7 5. Nc3 a6 6. b3 b6 7. Bb2 Bb7 8. Bd3 Bd6
9. O-O O-O 10. Rc1 Qe7 11. Na4 Rfd8 12. Ne5 dxc4 13. Nxc4 Rac8 14. Nxd6 cxd6 15.
Ba3 Nd5 16. Qd2 b5 17. Nb2 f5 18. Be2 N7f6 19. f3 g5 20. Nd3 g4 21. Rxc8 Rxc8
22. Rc1 Rxc1+ 23. Bxc1 Qg7 24. Qa5 h5 25. Qd8+ Kh7 26. Bd2 b4 27. Kf2 gxf3 28.
gxf3 f4 29. Nxf4 Nxf4 30. exf4 Nd5 31. Bd3+ 1-0

[Event "4th Al Ain Chess Classic"]
[Site "Al-Ain UAE"]
[Date "2015.12.26"]
[Round "5.6"]
[White "Areshchenko, Alexander"]
[Black "Gabuzyan, Hovhannes"]
[Result "1/2-1/2"]
[WhiteTitle "GM"]
[BlackTitle "GM"]
[WhiteElo "2677"]
[BlackElo "2585"]
[WhiteFideId "14109530"]
[BlackFideId "13303732"]
[EventDate "2015.12.23"]

1. e4 c5 2. Nf3 d6 3. d4 cxd4 4. Nxd4 Nf6 5. Nc3 a6 6. h3 e5 7. Nde2 Nbd7 8. g4
h6 9. a4 Nc5 10. Bg2 Bd7 11. Ng3 Rc8 12. O-O Ne6 13. Nd5 h5 14. Be3 hxg4 15. Bb6
Nxd5 16. Bxd8 Ndf4 17. Bb6 Nxg2 18. Kxg2 Nf4+ 19. Kg1 Nxh3+ 20. Kg2 Nf4+ 21. Kg1
Nh3+ 22. Kg2 Nf4+ 23. Kg1 Nh3+ 24. Kg2 Nf4+ 25. Kg1 Nh3+ 1/2-1/2

[Event "4th Al Ain Chess Classic"]
[Site "Al-Ain UAE"]
[Date "2015.12.26"]
[Round "5.8"]
[White "Motylev, Alexander"]
[Black "Kovchan, Alexander"]
[Result "1/2-1/2"]
[WhiteTitle "GM"]
[BlackTitle "GM"]
[WhiteElo "2653"]
[BlackElo "2583"]
[WhiteFideId "4121830"]
[BlackFideId "14103052"]
[EventDate "2015.12.23"]

1. e4 c5 2. Nf3 d6 3. d4 cxd4 4. Nxd4 Nf6 5. Nc3 a6 6. g3 e5 7. Nb3 Be6 8. Bg2
Be7 9. O-O O-O 10. h3 Nbd7 11. a4 b6 12. Nd5 Bxd5 13. exd5 Qc7 14. Be3 Rfc8 15.
c3 Qc4 16. Re1 Bd8 17. Nd2 Qc7 18. Qe2 Qb7 19. Ra3 b5 20. axb5 Qxb5 21. Qxb5
axb5 22. Rea1 Rxa3 23. Rxa3 Nb6 24. Bxb6 Bxb6 25. Ra6 Rb8 26. b4 1/2-1/2

[Event "4th Al Ain Chess Classic"]
[Site "Al-Ain UAE"]
[Date "2015.12.26"]
[Round "5.9"]
[White "Ghosh, Diptayan"]
[Black "Efimenko, Zahar"]
[Result "1/2-1/2"]
[WhiteTitle "IM"]
[BlackTitle "GM"]
[WhiteElo "2550"]
[BlackElo "2647"]
[WhiteFideId "5045207"]
[BlackFideId "14107201"]
[EventDate "2015.12.23"]

1. d4 Nf6 2. c4 e6 3. g3 d5 4. Nf3 Bb4+ 5. Bd2 Be7 6. Bg2 O-O 7. O-O Nbd7 8. Qc2
c6 9. Rd1 b6 10. Bf4 Bb7 11. Nc3 dxc4 12. Nd2 Nd5 13. Nxc4 Nxf4 14. gxf4 Nf6 15.
e3 Nd5 16. Rac1 Rc8 17. Qb3 Kh8 18. Ne5 f6 19. Nd3 Ba8 20. f5 Nxc3 21. Rxc3 exf5
22. Qe6 Bd6 23. Qxf5 g6 24. Qh3 f5 25. Rdc1 Qf6 26. f4 g5 27. Bxc6 gxf4 28. Bxa8
Rxa8 29. Nxf4 Bxf4 30. exf4 Qxd4+ 31. Qe3 Qg7+ 32. Kh1 Rae8 33. Qf3 Rg8 34. R3c2
h6 35. Rc6 Kh7 1/2-1/2

[Event "4th Al Ain Chess Classic"]
[Site "Al-Ain UAE"]
[Date "2015.12.26"]
[Round "5.10"]
[White "Libiszewski, Fabien"]
[Black "Kuzubov, Yuriy"]
[Result "1-0"]
[WhiteTitle "GM"]
[BlackTitle "GM"]
[WhiteElo "2515"]
[BlackElo "2640"]
[WhiteFideId "616834"]
[BlackFideId "14112906"]
[EventDate "2015.12.23"]

1. e4 c5 2. Nf3 d6 3. Bb5+ Bd7 4. Bxd7+ Qxd7 5. O-O Nf6 6. Re1 e6 7. c3 Nc6 8.
d4 d5 9. e5 Ne4 10. Nbd2 Nxd2 11. Bxd2 Rc8 12. Be3 cxd4 13. Bxd4 Nxd4 14. Nxd4
Bc5 15. Qg4 O-O 16. Rad1 b5 17. Re3 Rfd8 18. h4 a5 19. a3 Bf8 20. Rdd3 b4 21.
axb4 axb4 22. h5 bxc3 23. bxc3 h6 24. Rg3 Ra8 25. Qf4 Qb7 26. Kh2 Ra1 27. Rdf3
Rd7 28. Nxe6 Qb1 29. Rh3 fxe6 30. Qxf8+ Kh7 31. Qe8 Rc7 32. Qxe6 Qg1+ 33. Kg3
Rc1 34. Rh4 R7xc3 35. Rf4 Rxf3+ 36. Rxf3 Qd1 37. Qg6+ Kg8 38. e6 Qd4 39. Rf8+ 1-0